000 00983nam a22003017a 4500
001 5405
003 FISKH
005 20241203115419.0
008 241203b cb ||||| |||| 00| 0 eng d
020 _a9780688101923
040 _aFISKH
_beng
_cFISKH
_dFISKH
050 _aKF4520.Z9
082 _a342.730292
100 _aMaestro, Betsy
245 _aA More Perfect Union :
_bThe Story of Our Constitution /
_cby Betsy Maestro
260 _aNew York :
_bScholastic ;
_c1987.
300 _a48 pages :
_bcolor illustrations ;
_c29 cm .
490 _aThe American Story
505 _aZ
520 _aDescribes how the Constitution was drafted and ratified.
521 8 _a920
_bLexile AD
521 8 _aZ
_bRaz-Plus
650 _aUnited States .Constitutional Convention (1787)
_vJuvenile literature
650 _aUnited States- Constitutional history
_vJuvenile literature
700 _aMaestro, Giulio
_eillustrator
942 _2ddc
_cBK
_n0
999 _c5405
_d5405